[Event "Vrnjacka Banja"]
[Site "Vrnjacka Banja"]
[Date "1989.??.??"]
[Round "?"]
[White "Hebden, Mark"]
[Black "Raicevic, Vladimir"]
[Result "1/2-1/2"]
[WhiteElo "2455"]
[BlackElo "2480"]
[PlyCount "105"]
[EventDate "1989.04.??"]
[Source "ChessBase"]

1. e4 e6 2. d4 d5 3. Nc3 Bb4 4. e5 c5 5. Qg4 Ne7 6. dxc5 Nbc6 7. Bb5 Qa5 8. Bd2 O-O 9. Bxc6 Nxc6 10. Nf3 Qxc5 11. O-O f5 12. Qf4 d4 13. Ne2 Bxd2 14. Qxd2 Nxe5 15. Nxe5 Qxe5 16. Nxd4 Qd5 17. Qd3 e5 18. Nf3 Qe6 19. Qb3 Qxb3 20. axb3 e4 21. Nd4 Bd7 22. b4 a6 23. Rfe1 Rfe8 24. Ra5 g6 25. Rd5 Rad8 26. f3 Ba4 27. Rxd8 Rxd8 28. c3 exf3 29. gxf3 Kf7 30. Kf2 Rd5 31. f4 Bd7 32. Ke3 Kf6 33. Kd3 Rd6 34. Kc4 Be6+ 35. Kc5 Ke7 36. b5 b6+ 37. Kb4 a5+ 38. Ka4 Kf6 39. b4 axb4 40. Kxb4 Bf7 41. h4 h6 42. Rd1 Rd5 43. c4 Rc5 44. Rc1 g5 45. hxg5+ hxg5 46. Nb3 Rc8 47. fxg5+ Kxg5 48. Nd2 Rd8 49. Kc3 Bh5 50. Re1 Kf6 51. Ra1 Ke5 52. Ra6 Rb8 53. Ra7 1/2-1/2

[Event "XXXIV Open internazionale"]
[Site "Siviglia SPA"]
[Date "2009.01.26"]
[Round "4"]
[White "Rivas Pastor, Manuel"]
[Black "Barria, Daniel"]
[Result "1-0"]
[WhiteElo "2514"]
[BlackElo "2419"]
[PlyCount "70"]
[EventDate "2009.01.23"]
[Source "www.chesslib.no"]
[SourceDate "2004.05.04"]

1. e4 e6 2. d4 d5 3. Nc3 Bb4 4. e5 c5 5. Qg4 Ne7 6. dxc5 Nbc6 7. Bd2 O-O 8. O-O-O Ng6 9. f4 f5 10. Qg3 b6 11. a3 Bxc5 12. Nf3 b5 13. Bxb5 Bd7 14. Na4 Be7 15. Qf2 Ncxe5 16. fxe5 Bxb5 17. Nc3 Bc4 18. h4 Qc7 19. Bg5 Rab8 20. h5 Bxg5+ 21. Nxg5 Nxe5 22. Nxe6 Qb7 23. Na4 Rf6 24. Nec5 Qf7 25. Qf4 Re8 26. Rhe1 Ng4 27. b3 Bb5 28. Nc3 Bc6 29. Nxd5 Bxd5 30. Rxe8+ Qxe8 31. Rxd5 Qxh5 32. Qc4 h6 33. Rxf5+ Qf7 34. Rd5 Kh7 35. Nd7 Rf5 1-0

[Event "El Corte Ingles"]
[Site "El Corte Ingles"]
[Date "1990.??.??"]
[Round "?"]
[White "Gallagher, Joseph G"]
[Black "Romero Holmes, Alfonso"]
[Result "0-1"]
[WhiteElo "2470"]
[BlackElo "2460"]
[PlyCount "58"]
[EventDate "1990.??.??"]
[Source "www.chesslib.no"]
[SourceDate "2004.05.04"]

1. e4 e6 2. d4 d5 3. Nc3 Bb4 4. e5 c5 5. Qg4 Ne7 6. dxc5 Bxc3+ 7. bxc3 Ng6 8. Nf3 Qc7 9. Be3 Nd7 10. Bb5 O-O 11. Bxd7 Bxd7 12. O-O Nxe5 13. Nxe5 Qxe5 14. Bd4 h5 15. Qh3 Qg5 16. f4 Qg4 17. Qd3 f6 18. h3 Qf5 19. Rae1 Qh7 20. Rf3 a6 21. Bf2 Rad8 22. Qd2 Rfe8 23. f5 e5 24. Qxd5+ Be6 25. Qe4 Bd5 26. Qe3 Bxf3 27. Qxf3 Rd7 28. Qe4 Kh8 29. Be3 Rg8 0-1

[Event "Ekblom Memorial corr9699"]
[Site "?"]
[Date "1996.??.??"]
[Round "?"]
[White "Kluegel, Jens Uwe"]
[Black "Tanni, Kalle"]
[Result "1-0"]
[WhiteElo "2535"]
[BlackElo "2390"]
[PlyCount "51"]
[EventDate "1996.??.??"]
[Source "www.chesslib.no"]
[SourceDate "2004.05.04"]

1. e4 e6 2. d4 d5 3. Nc3 Bb4 4. e5 c5 5. Qg4 Ne7 6. dxc5 Bxc3+ 7. bxc3 Ng6 8. Nf3 Nd7 9. Qd4 Qa5 10. a4 Qxc5 11. Ba3 Qxd4 12. cxd4 f6 13. exf6 gxf6 14. a5 b6 15. Bb5 Ne7 16. O-O Kf7 17. axb6 Nxb6 18. Bxe7 Kxe7 19. Bc6 Rb8 20. Rxa7+ Kd6 21. Bb5 e5 22. dxe5+ fxe5 23. Ng5 Kc5 24. Nf7 Rf8 25. Bd3 e4 26. Rc7+ 1-0

[Event "Ekblom Memorial"]
[Site "Ekblom Mem"]
[Date "1996.??.??"]
[Round "?"]
[White "Kluegel, Jens Uwe"]
[Black "Juntunen, Jaakko"]
[Result "1-0"]
[WhiteElo "2535"]
[BlackElo "2390"]
[PlyCount "57"]
[EventDate "1996.??.??"]
[Source "www.chesslib.no"]
[SourceDate "2004.05.04"]

1. e4 e6 2. d4 d5 3. Nc3 Bb4 4. e5 c5 5. Qg4 Ne7 6. dxc5 Bxc3+ 7. bxc3 Qc7 8. Qxg7 Rg8 9. Qxh7 Nd7 10. f4 Nxc5 11. Ne2 Bd7 12. Be3 Ne4 13. Bd4 Qa5 14. g3 O-O-O 15. Qh5 Nf5 16. Rd1 Bb5 17. Qf3 Bxe2 18. Bxe2 Nfxg3 19. hxg3 Rxg3 20. Qh5 Rxc3 21. O-O Rg8+ 22. Kh2 Rcg3 23. Bf3 Qd8 24. Bxe4 R3g7 25. Rf3 Rh8 26. Qxh8 Qxh8+ 27. Rh3 Qe8 28. Bxa7 Rg4 29. Rxd5 1-0

[Event "Berlin GER"]
[Site "?"]
[Date "2003.04.22"]
[Round "5"]
[White "Meister Jakov"]
[Black "Schilow Wladimir"]
[Result "1/2-1/2"]
[WhiteElo "2500"]
[BlackElo "2423"]
[PlyCount "100"]
[EventDate "2003.??.??"]
[Source "www.chesslib.no"]
[SourceDate "2004.05.04"]

1. e4 e6 2. d4 d5 3. Nc3 Bb4 4. e5 c5 5. Qg4 Ne7 6. dxc5 Nbc6 7. Bd2 O-O 8. O-O-O f5 9. Qh4 d4 10. Nb5 Bxc5 11. f4 a6 12. Nd6 Bxd6 13. exd6 Qxd6 14. Nf3 b5 15. Qf2 Qd5 16. Kb1 e5 17. Nxe5 Be6 18. b3 Nxe5 19. fxe5 Nc6 20. Be2 Qxe5 21. Rhe1 Qc5 22. Bf3 Bd5 23. Bxd5+ Qxd5 24. Bc3 Rae8 25. Bxd4 Rxe1 26. Qxe1 Nxd4 27. c3 Qxg2 28. Rxd4 Qg6 29. Rf4 Qd6 30. Qe3 h6 31. h4 Kh7 32. Kb2 Rf6 33. Rd4 Qh2+ 34. Ka3 a5 35. Qd3 Qb8 36. h5 b4+ 37. cxb4 axb4+ 38. Ka4 Qf8 39. Rd5 Qf7 40. Kxb4 Qxh5 41. a4 Qg6 42. a5 h5 43. Ka4 Qe8+ 44. Ka3 Kh6 45. b4 f4 46. a6 f3 47. Qd2+ Kh7 48. Qd3+ Kh6 49. Qd2+ Kh7 50. Qd3+ Kh6 1/2-1/2

[Event "Lorca IV Narciso Yepes mem"]
[Site "Lorca"]
[Date "2003.??.??"]
[Round "7"]
[White "De la Villa Garcia, Jesus"]
[Black "Giaccio, Alfredo"]
[Result "1-0"]
[WhiteElo "2468"]
[BlackElo "2447"]
[PlyCount "51"]
[EventDate "2003.06.25"]
[Source "Roberto Alvarez"]
[SourceDate "2003.07.14"]

1. e4 e6 2. d4 d5 3. Nc3 Bb4 4. e5 c5 5. Qg4 Ne7 6. dxc5 Nbc6 7. Bd2 Ng6 8. Nf3 f5 9. exf6 Qxf6 10. O-O-O Bxc5 11. Qh5 Bd7 12. Ng5 Be7 13. Bd3 Nce5 14. Bxg6+ Qxg6 15. Nxe6 Qxh5 16. Nxg7+ Kf7 17. Nxh5 d4 18. Nd5 Bc5 19. Bb4 Rac8 20. Bxc5 Rxc5 21. Rxd4 Nc6 22. Rd2 Bf5 23. Ng3 Bxc2 24. b4 Rb5 25. Nc3 Rb6 26. Kxc2 1-0

[Event "BCF Ch"]
[Site "Eastbourne"]
[Date "1991.??.??"]
[Round "9"]
[White "Hebden, Mark L"]
[Black "Ward, Christopher"]
[Result "1/2-1/2"]
[WhiteElo "2475"]
[BlackElo "2435"]
[PlyCount "82"]
[EventDate "1991.07.??"]
[Source "www.chesslib.no"]
[SourceDate "2004.05.04"]

1. d4 e6 2. e4 d5 3. Nc3 Bb4 4. e5 c5 5. Qg4 Ne7 6. Nf3 cxd4 7. Nxd4 Ng6 8. Bd3 O-O 9. Bxg6 Bxc3+ 10. bxc3 fxg6 11. Ba3 Rf7 12. Bd6 Nc6 13. Nxc6 bxc6 14. O-O Qa5 15. c4 Qc3 16. cxd5 cxd5 17. Qe2 Qc6 18. Rfc1 Ba6 19. Qg4 Rf5 20. Rab1 Rc8 21. Rb3 Bc4 22. Rb2 g5 23. h4 h6 24. hxg5 Rxg5 25. Qxe6+ Kh7 26. Qh3 d4 27. f4 Be6 28. Qd3+ Bf5 29. Qd2 Rg3 30. Rf1 Qe4 31. Rf2 Rcc3 32. Rb4 Rce3 33. Rb1 d3 34. cxd3 Rxd3 35. Re1 Qd5 36. Qc2 Qe6 37. Rd1 Qg6 38. Rxd3 Rxd3 39. Qe2 Bg4 40. Qb2 Rd1+ 41. Rf1 Rxf1+ 1/2-1/2

[Event "Brighton"]
[Site "Brighton"]
[Date "1982.??.??"]
[Round "?"]
[White "Murray, J."]
[Black "Sigurjonsson, Gudmundur"]
[Result "0-1"]
[WhiteElo "2475"]
[BlackElo "2435"]
[PlyCount "66"]
[EventDate "1982.12.??"]
[Source "ChessBase"]

1. e4 e6 2. d4 d5 3. Nc3 Bb4 4. e5 c5 5. Qg4 Ne7 6. Nf3 cxd4 7. Nxd4 Ng6 8. Bb5+ Bd7 9. O-O O-O 10. Bd3 Nxe5 11. Bxh7+ Kxh7 12. Qh5+ Kg8 13. Qxe5 Nc6 14. Nxc6 bxc6 15. Qg3 f6 16. Na4 e5 17. a3 Bd6 18. Qc3 Qe7 19. b4 d4 20. Qc4+ Be6 21. Qa6 Qf7 22. Qxc6 Rfd8 23. Qe4 Rac8 24. Re1 Qd7 25. Nb2 Qc6 26. Qxc6 Rxc6 27. Re2 Rdc8 28. c4 dxc3 29. Nd3 Rd8 30. h3 Bc4 31. Re3 Bxd3 32. Rxd3 e4 33. Re3 Be5 0-1

[Event "Eksjo"]
[Site "Eksjo"]
[Date "1982.??.??"]
[Round "8"]
[White "Wedberg, Tom"]
[Black "Ornstein, Axel"]
[Result "1-0"]
[WhiteElo "2435"]
[BlackElo "2475"]
[PlyCount "43"]
[EventDate "1982.08.??"]
[Source "ChessBase"]

1. e4 e6 2. d4 d5 3. Nc3 Bb4 4. e5 c5 5. Qg4 Ne7 6. Nf3 Nbc6 7. Bd2 O-O 8. dxc5 f5 9. exf6 Rxf6 10. O-O-O e5 11. Qh5 Bf5 12. a3 Qa5 13. Qh4 Bxc3 14. Bxc3 Qxc5 15. Qa4 Qxf2 16. Rd2 Qe3 17. Bb5 d4 18. Re1 Qf4 19. Nxe5 Nxe5 20. Bxd4 Rd8 21. Be3 Rxd2 22. Bxf4 1-0

[Event "BCF Ch"]
[Site "Brighton ENG"]
[Date "1984.??.??"]
[Round "3"]
[White "Hebden, Mark L"]
[Black "Botterill, George S"]
[Result "1/2-1/2"]
[WhiteElo "2480"]
[BlackElo "2430"]
[PlyCount "109"]
[EventDate "1984.08.??"]
[Source "www.chesslib.no"]
[SourceDate "2004.05.04"]

1. e4 e6 2. d4 d5 3. Nc3 Bb4 4. e5 c5 5. Qg4 Ne7 6. Nf3 Nbc6 7. a3 Qa5 8. Bd2 cxd4 9. Nxd4 Nxd4 10. Qxd4 Nc6 11. Qg4 d4 12. Qxg7 Rf8 13. axb4 Qxa1+ 14. Nd1 Bd7 15. Bd3 Qa4 16. O-O O-O-O 17. c3 Rg8 18. Qf6 dxc3 19. bxc3 Nxb4 20. cxb4 Bc6 21. Ne3 Rxd3 22. Qxf7 Re8 23. Nc4 Rxd2 24. Nxd2 Qxb4 25. Rc1 Qe7 26. Qf4 Rf8 27. Qe3 Kb8 28. Nc4 Qg7 29. g3 Bd5 30. Qc5 Rd8 31. Nd6 Qd7 32. Qb4 Bc6 33. f4 h5 34. Kf2 Rg8 35. f5 Rg4 36. Qb3 exf5 37. h3 Rg6 38. Qe3 h4 39. gxh4 Rg2+ 40. Ke1 Qg7 41. Nxf5 Rg1+ 42. Kd2 Qg2+ 43. Kc3 Rxc1+ 44. Qxc1 Qxh3+ 45. Ne3 Qg3 46. Qd2 Qxe5+ 47. Qd4 Qxd4+ 48. Kxd4 Bf3 49. Nf5 Kc7 50. Ng7 Kd6 51. h5 Ke7 52. Nf5+ Kf8 53. h6 Kg8 54. Nd6 Kh7 55. Nxb7 1/2-1/2

[Event "Lone Pine op"]
[Site "Lone Pine"]
[Date "1979.??.??"]
[Round "3"]
[White "Sigurjonsson, Gudmundur"]
[Black "Bohm, Hans"]
[Result "1/2-1/2"]
[WhiteElo "2490"]
[BlackElo "2410"]
[PlyCount "53"]
[EventDate "1979.03.??"]
[Source "ChessBase"]

1. e4 e6 2. d4 d5 3. Nc3 Bb4 4. e5 c5 5. Qg4 Ne7 6. Nf3 Nbc6 7. a3 Bxc3+ 8. bxc3 Nf5 9. Bd3 h5 10. Qf4 Nce7 11. dxc5 Qc7 12. O-O Bd7 13. a4 Rc8 14. Ba3 a6 15. Nd4 g6 16. c6 Bxc6 17. Bxf5 gxf5 18. Bd6 Qd8 19. Rfb1 Ng6 20. Qc1 f4 21. Nxc6 bxc6 22. Rb7 f6 23. Qe1 fxe5 24. Bxe5 Rg8 25. Rab1 Qg5 26. Rb8 Rxb8 27. Rxb8+ 1/2-1/2

[Event "Rilton Cup 2002-2003"]
[Site "?"]
[Date "2002.12.28"]
[Round "2"]
[White "Couso Luis"]
[Black "Berg Emanuel"]
[Result "1/2-1/2"]
[WhiteElo "2355"]
[BlackElo "2535"]
[PlyCount "78"]
[EventDate "2002.??.??"]
[Source "www.chesslib.no"]
[SourceDate "2004.05.04"]

1. e4 e6 2. d4 d5 3. Nc3 Bb4 4. e5 c5 5. Qg4 Ne7 6. dxc5 Nbc6 7. Bd2 O-O 8. Bd3 d4 9. Nf3 dxc3 10. bxc3 Bxc5 11. Bxh7+ Kxh7 12. Qh5+ Kg8 13. Ng5 Qxd2+ 14. Kxd2 Rd8+ 15. Ke2 Ng6 16. Qh7+ Kf8 17. Rhd1 Bd7 18. Rab1 b6 19. h4 Ncxe5 20. h5 Nf4+ 21. Kf1 Bb5+ 22. Kg1 Ne2+ 23. Kh1 Ng4 24. Nxe6+ fxe6 25. Qh8+ Kf7 26. Rxd8 Nxf2+ 27. Kh2 Ng4+ 28. Kh3 Nf2+ 29. Kh2 Bd6+ 30. g3 Bxg3+ 31. Kg2 Bc6+ 32. Kf1 Rxd8 33. Qxd8 Nxc3 34. Qc8 Nxb1 35. Qxc6 Ne4 36. Qd7+ Kf6 37. Qd8+ Kf7 38. Qd7+ Kf6 39. Qd8+ Kf7 1/2-1/2

[Event "Hoogovens-B"]
[Site "Wijk aan Zee"]
[Date "1971.??.??"]
[Round "?"]
[White "Hecht, Hans Joachim"]
[Black "Brinck Claussen, Bjorn"]
[Result "1/2-1/2"]
[WhiteElo "2470"]
[BlackElo "2410"]
[PlyCount "83"]
[EventDate "1971.01.??"]
[Source "ChessBase"]

1. e4 e6 2. d4 d5 3. Nc3 Bb4 4. e5 c5 5. Qg4 Ne7 6. dxc5 Nbc6 7. Bd2 Bxc5 8. Nf3 Ng6 9. Bd3 Ngxe5 10. Nxe5 Nxe5 11. Qxg7 Nxd3+ 12. cxd3 Rf8 13. d4 Be7 14. Bh6 Qb6 15. O-O Bd7 16. Rac1 Bc6 17. Qxh7 Qxd4 18. Bxf8 Bxf8 19. Rfd1 Qf6 20. Rd3 d4 21. Ne4 Qg7 22. Qxg7 Bxg7 23. f3 Ke7 24. g4 Rh8 25. Rcd1 Be5 26. Rxd4 Bxh2+ 27. Kg2 Be5 28. R4d2 f5 29. gxf5 exf5 30. Nc3 Rh2+ 31. Kg1 Rxd2 32. Rxd2 Bxf3 33. Kf2 Bc6 34. Ne2 Kf6 35. Nd4 Be4 36. Nf3 Bf4 37. Rd4 Bc7 38. Rd7 Bb6+ 39. Kg3 Be3 40. Rd6+ Ke7 41. Rd1 Ke6 42. Rd8 1/2-1/2

[Event "San Sebastian Open"]
[Site "San Sebastian ESP"]
[Date "1991.??.??"]
[Round "8"]
[White "Zelcic, Robert"]
[Black "Romero Holmes, Alfonso"]
[Result "1-0"]
[WhiteElo "2415"]
[BlackElo "2460"]
[PlyCount "72"]
[EventDate "1991.03.??"]
[Source "www.chesslib.no"]
[SourceDate "2004.05.04"]

1. Nc3 d5 2. e4 e6 3. d4 Bb4 4. e5 c5 5. Qg4 Ne7 6. Nf3 cxd4 7. Bb5+ Nd7 8. Qxd4 Ba5 9. O-O O-O 10. Bg5 h6 11. Bh4 Qe8 12. Qg4 Nf5 13. Nxd5 exd5 14. Qxf5 Nxe5 15. Qxe5 Qxb5 16. Rad1 Be6 17. b3 Qa6 18. Nd4 Rac8 19. Nxe6 fxe6 20. c4 Rf5 21. Qg3 Rcf8 22. cxd5 exd5 23. Be7 R8f7 24. Bc5 Qc6 25. Be3 Bc7 26. Qg4 Qd6 27. g3 h5 28. Qa4 a6 29. Rd3 Qf6 30. Qb4 Bd6 31. Qd2 h4 32. Rxd5 Rxd5 33. Qxd5 hxg3 34. hxg3 Bxg3 35. Qg2 Be5 36. Rc1 Rf8 1-0

[Event "Hoogovens-B"]
[Site "Wijk aan Zee"]
[Date "1971.??.??"]
[Round "?"]
[White "Jansa, Vlastimil"]
[Black "Zuidema, Coenraad"]
[Result "0-1"]
[WhiteElo "2450"]
[BlackElo "2420"]
[PlyCount "74"]
[EventDate "1971.01.??"]
[Source "ChessBase"]

1. e4 e6 2. d4 d5 3. Nc3 Bb4 4. e5 c5 5. Qg4 Ne7 6. dxc5 Nbc6 7. Bd2 Bxc5 8. Nf3 Ng6 9. Bd3 O-O 10. Qh5 Bd7 11. O-O Be8 12. Rae1 h6 13. Qg4 Qd7 14. h4 f5 15. exf6 Rxf6 16. Bxh6 gxh6 17. h5 Qg7 18. hxg6 Bxg6 19. Qh3 Bf7 20. Kh1 Re8 21. Nh2 h5 22. g4 e5 23. gxh5 Be6 24. Qg3 Bxf2 25. Qxf2 Rxf2 26. Rxf2 Kh8 27. Rg1 Qe7 28. Rg6 e4 29. Rfg2 Qf8 30. Be2 d4 31. Bg4 Bxg4 32. Nxg4 dxc3 33. bxc3 e3 34. Rh6+ Qxh6 35. Nxh6 e2 36. Nf7+ Kh7 37. Ng5+ Kh6 0-1

[Event "POL-ch"]
[Site "Poland"]
[Date "1996.??.??"]
[Round "10"]
[White "Grabarczyk, Bogdan"]
[Black "Matlak, Marek"]
[Result "1-0"]
[WhiteElo "2420"]
[BlackElo "2450"]
[PlyCount "77"]
[EventDate "1996.??.??"]
[Source "ChessBase"]

1. e4 e6 2. d4 d5 3. Nc3 Bb4 4. e5 c5 5. Qg4 g6 6. dxc5 Nc6 7. Bd2 Bxc5 8. Nf3 a6 9. O-O-O Bd7 10. Be3 Bxe3+ 11. fxe3 Qc7 12. Qf4 f6 13. Nxd5 exd5 14. e6 O-O-O 15. exd7+ Rxd7 16. g3 f5 17. Nd4 Nf6 18. Rd3 Ne4 19. Nxc6 Qxc6 20. Bg2 Qc7 21. Rhd1 Rhd8 22. Bxe4 dxe4 23. Qxc7+ Kxc7 24. Rxd7+ Rxd7 25. Rxd7+ Kxd7 26. c4 Kd6 27. b4 a5 28. a3 axb4 29. axb4 g5 30. h4 h6 31. Kd2 gxh4 32. gxh4 b6 33. h5 Ke6 34. Ke2 Ke5 35. Kf2 f4 36. exf4+ Kd4 37. f5 Ke5 38. b5 Kxf5 39. c5 1-0

[Event "Marbella zt-B"]
[Site "Marbella"]
[Date "1982.??.??"]
[Round "2"]
[White "Hebden, Mark"]
[Black "Rivas Pastor, Manuel"]
[Result "1-0"]
[WhiteElo "2400"]
[BlackElo "2470"]
[PlyCount "49"]
[EventDate "1982.02.??"]
[Source "ChessBase"]

1. e4 e6 2. Nc3 d5 3. d4 Bb4 4. e5 c5 5. Qg4 Kf8 6. Nf3 Nc6 7. a3 Ba5 8. dxc5 d4 9. b4 Nxb4 10. axb4 Bxb4 11. Bd2 Bxc3 12. Bxc3 dxc3 13. Rd1 Qe8 14. Qb4 Ne7 15. Bb5 Nc6 16. Bxc6 bxc6 17. Qa5 Bb7 18. O-O g6 19. Rd6 Kg7 20. Rfd1 Qb8 21. Ng5 Bc8 22. Qxc3 Rf8 23. Qf3 f6 24. exf6+ Rxf6 25. Qc3 1-0

[Event "otb"]
[Site "otb"]
[Date "2007.04.22"]
[Round "4"]
[White "Llaneza Vega Marcos"]
[Black "Minzer Claudio Javier"]
[Result "0-1"]
[WhiteElo "2455"]
[BlackElo "2414"]
[PlyCount "56"]
[Source "www.chesslib.no"]
[SourceDate "2004.05.04"]

1. e4 e6 2. d4 d5 3. Nc3 Bb4 4. e5 c5 5. Qg4 Ne7 6. dxc5 Nbc6 7. Bd2 Nf5 8. Nf3 Bxc5 9. Bd3 h5 10. Qf4 Nce7 11. O-O-O Bd7 12. Nh4 Nxh4 13. Qxh4 Qb6 14. Bg5 Qb4 15. f4 Ng6 16. Bxg6 fxg6 17. Qh3 Bd4 18. a3 Qc4 19. Rd3 Bxc3 20. Rxc3 Qa2 21. Kd2 Qxb2 22. Qd3 O-O 23. Rb3 Qa2 24. Qxg6 Rac8 25. Rhb1 b6 26. Qxh5 Rxc2+ 27. Ke3 Rxg2 28. Qd1 Ba4 0-1

[Event "Warsaw Open"]
[Site "Warsaw POL"]
[Date "1989.??.??"]
[Round "?"]
[White "Sendera, Jaroslaw"]
[Black "Rozentalis, Eduardas"]
[Result "0-1"]
[WhiteElo "2380"]
[BlackElo "2485"]
[PlyCount "44"]
[EventDate "1989.04.??"]
[Source "www.chesslib.no"]
[SourceDate "2004.05.04"]

1. e4 e6 2. d4 d5 3. Nc3 Bb4 4. e5 c5 5. Qg4 Ne7 6. dxc5 Nbc6 7. Nf3 d4 8. a3 Qa5 9. axb4 Qxa1 10. Ne2 Nf5 11. Qe4 Nxb4 12. g4 Na2 13. Kd1 Ne7 14. Nd2 d3 15. cxd3 Nxc1 16. Nxc1 O-O 17. d4 Qxb2 18. Bd3 g6 19. Nc4 Qxf2 20. Rf1 Qh4 21. Nd6 Nd5 22. Ne2 Bd7 0-1

[Event "USA-chJ"]
[Site "Lindsborg"]
[Date "2004.07.24"]
[Round "7"]
[White "Friedel, Joshua E"]
[Black "Bhat, Vinay S"]
[Result "1-0"]
[WhiteElo "2433"]
[BlackElo "2431"]
[PlyCount "125"]
[EventDate "2004.07.20"]
[Source "Roberto Alvarez"]
[SourceDate "2003.08.04"]

1. e4 e6 2. d4 d5 3. Nc3 Bb4 4. e5 c5 5. Qg4 Ne7 6. Nf3 cxd4 7. Nxd4 Ng6 8. Bd3 O-O 9. Bxg6 fxg6 10. O-O Be7 11. Be3 Nc6 12. Nxc6 bxc6 13. Na4 Qc7 14. Qd4 Rf5 15. f4 g5 16. fxg5 Qxe5 17. Rxf5 Qxf5 18. Rf1 e5 19. Qd2 Qe4 20. Nc3 Qb4 21. Nxd5 Qd6 22. Nxe7+ Qxe7 23. Qc3 Qe6 24. Qa3 Bb7 25. Bc5 a5 26. Qf3 g6 27. Rd1 Re8 28. Qe4 Bc8 29. h3 Qf7 30. Rd6 Bf5 31. Qxc6 Rc8 32. Qb6 Qc7 33. Qxc7 Rxc7 34. Rd5 Rb7 35. Ba3 Bxc2 36. Rxa5 Bb1 37. Rxe5 Bxa2 38. Kf2 Kf7 39. Ke3 Be6 40. Kd4 Rb3 41. Re2 Rg3 42. Bd6 Rxg5 43. Be5 Rh5 44. Kc5 Ke7 45. b4 Rh4 46. Bd4 Rh5+ 47. Kc6 Rd5 48. Bc5+ Kf7 49. b5 Rg5 50. g4 Bd5+ 51. Kd6 Bf3 52. Re7+ Kg8 53. Rc7 h5 54. Ke7 Rd5 55. g5 Be4 56. b6 Re5+ 57. Kf6 Rf5+ 58. Ke6 Bd5+ 59. Ke7 h4 60. Rc8+ Kh7 61. Bd4 Bg8 62. Bf6 Rb5 63. Kf8 1-0

[Event "Paris op"]
[Site "Paris"]
[Date "1996.??.??"]
[Round "9"]
[White "Murey, Jacob"]
[Black "Kinsman, Andrew PH"]
[Result "1/2-1/2"]
[WhiteElo "2495"]
[BlackElo "2365"]
[PlyCount "38"]
[EventDate "1996.04.??"]
[Source "www.chesslib.no"]
[SourceDate "2004.05.04"]

1. e4 e6 2. d4 d5 3. Nc3 Bb4 4. e5 c5 5. Qg4 Ne7 6. Nf3 cxd4 7. Nxd4 Ng6 8. Bd3 O-O 9. Bxg6 fxg6 10. Bd2 Be7 11. O-O Nc6 12. Nf3 Qb6 13. Nd1 Bd7 14. Ne3 Rad8 15. b3 Bc5 16. Rad1 Qc7 17. Qg5 b5 18. Bc1 d4 19. Ng4 h5 1/2-1/2

[Event "European Club Cup 2002"]
[Site "?"]
[Date "2002.09.26"]
[Round "5.93"]
[White "Couso Luis"]
[Black "Solak Dragan"]
[Result "0-1"]
[WhiteElo "2345"]
[BlackElo "2515"]
[PlyCount "64"]
[EventDate "2002.??.??"]
[Source "www.chesslib.no"]
[SourceDate "2004.05.04"]

1. e4 e6 2. d4 d5 3. Nc3 Bb4 4. e5 c5 5. Qg4 Ne7 6. dxc5 Nbc6 7. Bd2 O-O 8. Bd3 d4 9. Nf3 dxc3 10. bxc3 Nxe5 11. Bxh7+ Kxh7 12. Qh5+ Kg8 13. Ng5 Qxd2+ 14. Kxd2 Rd8+ 15. Ke2 Bxc3 16. Rhd1 Bd7 17. Rab1 N7g6 18. Qh7+ Kf8 19. Ne4 Ba5 20. f3 Bc6 21. h4 Ng4 22. fxg4 Bxe4 23. Ke3 Bxc2 24. h5 Bxb1 25. Rxb1 Ne7 26. Rxb7 Rac8 27. Kf3 Bd2 28. Qc2 Bg5 29. Rxa7 Nc6 30. Rxf7+ Kxf7 31. Qg6+ Kg8 32. Qxg5 Rd5 0-1

[Event "Vrnjacka Banja"]
[Site "Vrnjacka Banja YUG"]
[Date "1988.??.??"]
[Round "?"]
[White "Pavlovic, Milos"]
[Black "Maksimovic, Branimir"]
[Result "0-1"]
[WhiteElo "2460"]
[BlackElo "2400"]
[PlyCount "56"]
[EventDate "1988.04.??"]
[Source "www.chesslib.no"]
[SourceDate "2004.05.04"]

1. e4 e6 2. Nc3 d5 3. d4 Bb4 4. e5 c5 5. Qg4 Ne7 6. Nf3 Nbc6 7. a3 Qa5 8. Bd2 cxd4 9. Nxd4 Nxd4 10. Qxd4 Bxc3 11. Bxc3 Qc7 12. Qg4 O-O 13. Bd3 a5 14. h4 b6 15. h5 Ba6 16. h6 g6 17. O-O-O Bxd3 18. Rxd3 Rfc8 19. Rh4 Nf5 20. Rh1 b5 21. Rhd1 b4 22. axb4 axb4 23. Qxb4 d4 24. Rxd4 Ra1+ 25. Kd2 Rxd1+ 26. Kxd1 Nxd4 27. Bxd4 Qxc2+ 28. Ke1 Qe4+ 0-1

[Event "Lloyds Bank op"]
[Site "London"]
[Date "1982.??.??"]
[Round "9"]
[White "Hebden, Mark"]
[Black "Plaskett, Jim"]
[Result "1-0"]
[WhiteElo "2415"]
[BlackElo "2430"]
[PlyCount "99"]
[EventDate "1982.08.??"]
[Source "ChessBase"]

1. e4 e6 2. Nc3 d5 3. d4 Bb4 4. e5 c5 5. Qg4 Ne7 6. Nf3 Nbc6 7. Bb5 O-O 8. O-O cxd4 9. Ne2 Qc7 10. a3 Bc5 11. b4 Bb6 12. Bf4 Ng6 13. Qh5 Nxf4 14. Nxf4 f6 15. Bd3 g6 16. Bxg6 Nxe5 17. Nh4 Qg7 18. Bd3 Bd7 19. Rad1 Qf7 20. Qe2 Kh8 21. Nh5 Rg8 22. Ng3 Rac8 23. f4 Ng4 24. Rf3 Ne3 25. Rc1 Rc3 26. Kh1 Rxa3 27. Nf1 f5 28. Nxe3 dxe3 29. c3 d4 30. cxd4 Bc6 31. d5 Rxd3 32. Qxd3 exd5 33. Nxf5 d4 34. Rg3 Rxg3 35. hxg3 Qd5 36. Rc2 Bd7 37. g4 Bc6 38. b5 Bd7 39. Nxe3 Qe6 40. Nf5 Qe1+ 41. Kh2 Bxf5 42. gxf5 Qh4+ 43. Kg1 Qe1+ 44. Kh2 Qh4+ 45. Kg1 Qe1+ 46. Kh2 Qh4+ 47. Qh3 Qxf4+ 48. g3 Qe4 49. Rc8+ Kg7 50. Qh5 1-0

[Event "Nationale I"]
[Site "Bordeaux"]
[Date "2003.04.06"]
[Round "7.6"]
[White "Skripchenko Lautier, Almira"]
[Black "Crut, Aurelien"]
[Result "1-0"]
[WhiteElo "2501"]
[BlackElo "2344"]
[PlyCount "117"]
[EventDate "2003.04.03"]
[Source "Roberto Alvarez"]
[SourceDate "2003.04.07"]

1. e4 e6 2. d4 d5 3. Nc3 Bb4 4. e5 c5 5. Qg4 Ne7 6. Nf3 Nbc6 7. a3 Bxc3+ 8. bxc3 O-O 9. Bd3 f5 10. exf6 Rxf6 11. Bg5 Rf7 12. Qh5 g6 13. Qh4 c4 14. Be2 Qa5 15. Bd2 Nf5 16. Qh3 Bd7 17. Ne5 Nxe5 18. dxe5 Ba4 19. Bd1 Bc6 20. g4 Ne7 21. Qe3 Raf8 22. O-O d4 23. cxd4 Qd5 24. f3 Rf4 25. h3 Rxd4 26. Bb4 Rf7 27. Be2 Bb5 28. Rad1 Rxd1 29. Rxd1 Qc6 30. Rd6 Qc8 31. Qxa7 Kg7 32. Qa5 Ba6 33. Qc5 Qxc5+ 34. Bxc5 Nd5 35. Kh2 Rc7 36. Bd4 Kf7 37. Kg3 g5 38. Rd8 h6 39. c3 Nf4 40. Bd1 Bb5 41. h4 Nd5 42. Bc2 Kg7 43. Be4 Bc6 44. Rd6 Kf7 45. h5 Ne7 46. Bg6+ Nxg6 47. hxg6+ Kxg6 48. Rxe6+ Kh7 49. Rf6 Bd5 50. Rd6 Bc6 51. e6 Re7 52. f4 gxf4+ 53. Kxf4 Kg6 54. Bc5 Re8 55. e7+ Kg7 56. Rd4 Bb5 57. Ke5 Rc8 58. Bb4 Kf7 59. Rd8 1-0

[Event "Hastings Open 9495"]
[Site "Hastings ENG"]
[Date "1995.??.??"]
[Round "1"]
[White "Hebden, Mark L"]
[Black "Wood, David A"]
[Result "1-0"]
[WhiteElo "2550"]
[BlackElo "2295"]
[PlyCount "115"]
[EventDate "1994.12.??"]
[Source "www.chesslib.no"]
[SourceDate "2004.05.04"]

1. e4 e6 2. Nc3 d5 3. d4 Bb4 4. e5 c5 5. Qg4 Ne7 6. Nf3 Nbc6 7. a3 Bxc3+ 8. bxc3 O-O 9. Bd3 f5 10. exf6 Rxf6 11. Bg5 Rf7 12. Bxe7 Rxe7 13. Qh4 h6 14. O-O c4 15. Bg6 Qd6 16. Rfe1 Bd7 17. Ne5 Rf8 18. Qg3 Nxe5 19. Rxe5 Be8 20. Bxe8 Rexe8 21. Qe3 Re7 22. Re1 Qxa3 23. Rxe6 Rxe6 24. Qxe6+ Kh8 25. Qe7 Qxe7 26. Rxe7 Rf6 27. Rxb7 Ra6 28. Kf1 Ra2 29. Rd7 Rxc2 30. Rxa7 Rxc3 31. Ra5 Rd3 32. Rxd5 c3 33. Ke2 c2 34. Rc5 Rxd4 35. Rxc2 Kh7 36. Ke3 Ra4 37. f4 Kg6 38. Kf3 Rb4 39. Rd2 Kf5 40. g4+ Kf6 41. Rd6+ Kf7 42. h4 Ra4 43. Rd7+ Kf6 44. g5+ hxg5 45. hxg5+ Kf5 46. Kg3 Ra3+ 47. Kh4 Kxf4 48. Rf7+ Ke5 49. Kh5 Ra6 50. Rxg7 Ra5 51. Re7+ Kf5 52. Rf7+ Ke6 53. Rf1 Ra8 54. g6 Rh8+ 55. Kg5 Ke7 56. Re1+ Kf8 57. Kf6 Rh6 58. Re2 1-0